Bollyworld: popular Indian cinema through a transnational lens. (Record no. 155565)
[ view plain ]
| 000 -LEADER | |
|---|---|
| fixed length control field | 00604nam a2200205Ia 4500 |
| 003 - CONTROL NUMBER IDENTIFIER | |
| control field | OSt |
| 005 - DATE AND TIME OF LATEST TRANSACTION | |
| control field | 20221201145110.0 |
| 008 - FIXED-LENGTH DATA ELEMENTS--GENERAL INFORMATION | |
| fixed length control field | 210423s2005 xx 000 0 und d |
| 020 ## - INTERNATIONAL STANDARD BOOK NUMBER | |
| International Standard Book Number | 761933212 |
| 040 ## - CATALOGING SOURCE | |
| Transcribing agency | AL |
| 041 ## - LANGUAGE CODE | |
| Language code of text/sound track or separate title | eng |
| 082 ## - DEWEY DECIMAL CLASSIFICATION NUMBER | |
| Classification number | 791.430954 KAUR |
| 100 ## - MAIN ENTRY--PERSONAL NAME | |
| Personal name | KAUR (Raminder);SINHA (Ajay J),Ed. |
| 9 (RLIN) | 43260 |
| 245 ## - TITLE STATEMENT | |
| Title | Bollyworld: popular Indian cinema through a transnational lens. |
| 260 ## - PUBLICATION, DISTRIBUTION, ETC. | |
| Place of publication, distribution, etc. | New Delhi |
| Name of publisher, distributor, etc. | Sage Publications |
| Date of publication, distribution, etc. | 2005 |
| 300 ## - PHYSICAL DESCRIPTION | |
| Extent | 343 |
| Other physical details | PB |
| 365 ## - TRADE PRICE | |
| Price amount | 320 |
| Currency code | INR |
| 906 ## - LOCAL DATA ELEMENT F, LDF (RLIN) | |
| a | Bollyworld: ; cinema ; Indian ; lens. ; popular ; through ; transnational |
| 942 ## - ADDED ENTRY ELEMENTS (KOHA) | |
| Source of classification or shelving scheme | Dewey Decimal Classification |
| Koha item type | Book |
| Withdrawn status | Lost status | Damaged status | Not for loan | Collection code | Home library | Current library | Date acquired | Source of acquisition | Cost, normal purchase price | Total Checkouts | Full call number | Barcode | Date last seen | Price effective from | Koha item type | Total Renewals | Date last checked out |
|---|---|---|---|---|---|---|---|---|---|---|---|---|---|---|---|---|---|
| MAJMC | St Aloysius PG Library | St Aloysius PG Library | 07/17/2008 | Higginbothams Pvt Ltd | 320.00 | 791.430954 KAUR | PG002037 | 08/24/2022 | 04/26/2021 | Book | |||||||
| MAJMC | St Aloysius PG Library | St Aloysius PG Library | 10/10/2008 | Athulya Books | 320.00 | 1 | 791.430954 KAUR | PG002781 | 08/24/2022 | 04/26/2021 | Book | 1 | 04/29/2022 | ||||
| MAJMC | St Aloysius PG Library | St Aloysius PG Library | 09/06/2010 | Southern Book Sellers | 350.00 | 791.430954 KAUR | PG005367 | 04/26/2021 | 04/26/2021 | Book |